LEADER 01097nam a2200265 i 4500 001 000000137643 003 CaOOAMICUS 005 20240509143037.0 008 050419s1966 it u000 u ita u 013 $a111437 040 $aSeMil$bita 100 1 $aMaugham, William Somerset,$d<1874-1965>.$0(OLS)http://semarc/name/39200 240 10$aUp at the Villa.$0(OLS)http://semarc/title/201139 245 14$aUna inglese a Firenze /$cromanzo di W. Somerset Maugham ; traduzione di Jole Giannini. 260 $aMilano :$bLonganesi & C.,$ccopyr. 1966. 300 $a166 p. ;$c19 cm. 490 0 $aI Libri Pocket ;$v36 700 1 $aGiannini, Jole.$0(OLS)http://semarc/name/55832 830 2$aI libri pocket ;$v36.$0(OLS)http://semarc/title/401525 850 $aSeMil 852 $aSeMil$W1$xVenegono$y1$m62 3 36 *$j91179$B91179$CSeMilBibl$Z2$F96106 $81 961 $aRecupero: Biblioteca Seminario Seveso (fino al 1985) 996 $6245$aUna inglese a Firenze$9(OLS)http://semarc/title/201138 996 $6260$aMilano :$bLonganesi & C.$9(OLS)http://semarc/publisher/31590 LEADER 00833nam a2200205 i 4500 001 000000004403 003 CaOOAMICUS 005 20180830125437.0 008 180830s1860 fr u000 u und u 040 $aSeMil$bita 100 1 $aBazancourt, Cesar Lecat : de .$0(OLS)http://semarc/name/89299 245 13$aLa Campagne d'Italie de 1859 :$bchroniques de la guerre /$cpar le baron de Bazancourt. 250 $a2. Éd. 260 $aParis :$bAmyot,$c1860. 300 $a2 v. ;$c23 cm. 650 4$aGuerre d'indipendenza italiane <1848-1866> - 2. 1859.$0(OLS)http://semarc/subject/44588 774 0 $t1.$b2. éd.$g1$w()100217 774 0 $t2.$b2. éd.$g2$w()255756 996 $6245$aLa Campagne d'Italie de 1859 :$bchroniques de la guerre$9(OLS)http://semarc/title/400467 996 $6260$aParis :$bAmyot$9(OLS)http://semarc/publisher/39627